Cultura General #8 - Estadísticas

Estadísticas generales
  • Esta prueba ha sido intentada 5.664 veces
  • La puntuación promedio es 8 de 20
Estadísticas de respuestas
Pregunta Respuesta % Correcto
¿Qué río fluye por París? Sena
85%
¿Qué no puede caminar porque no tiene las dos patitas de atrás? Cucaracha
77%
¿Qué es el talón de aquiles de Superman? Kryptonita
69%
¿De qué ciudad es Shakira? Barranquilla
66%
Aparte de México y Canadá, ¿qué país está geográficamente más cerca de los EE. UU.? Rusia
63%
¿Qué famoso cabaret parisino tiene un nombre que significa "Molino Rojo"? Moulin Rouge
53%
¿Cuál es el estadio más grande del Reino Unido? Estadio de Wembley
51%
¿Cómo se llamaba la moneda italiana antes del euro? Lira
49%
¿Qué significa la palabra latina “Rex” en español? Rey
48%
¿Qué cadena de grandes almacenes, con sede en Madrid, es el más grande de España y uno de los más grandes de Europa? El Corte Inglés
43%
¿Cuánto vale 6 factorial? 720
42%
¿Quién busca sus hijos ahogados por las noches? Llorona
32%
¿Qué tamaño de Starbucks es más grande que un "grande"? Venti
30%
¿Qué elemento tóxico en otro tiempo causaba los sobrereros enloquerse? Mercurio
23%
Si se sigue la carretera de ladrillos amarillos, ¿en dónde se encuentra? Ciudad {Esmeralda}
21%
¿En qué constelación se halla Betelgeuse? Orión
19%
¿Qué documento famoso otorgó Juan I de Inglaterra en 1215? Carta Magna
15%
¿En qué año empezó la fiebre del oro de California? 1848
12%
¿Qué término, un sinónimo de noble, surge del significado "hijo de algún linaje"? Hidalgo
11%
¿Quién escribió el famoso libro de cuentas Ficciones? Jorge Luis Borges
10%
No se encontraron pruebas coincidentes
Distribución de puntuación
Porcentaje de gente con cada puntuación
Porcentaje por número respondido
Historial de tus puntuaciones
No has intentado esta prueba.